Подробности
| 000 -МАРКЕР |
| контрольное поле |
02474nam0a22002891 4500 |
| 001 - ИДЕНТИФИКАТОР ЗАПИСИ |
| контрольное поле |
v19\rc\1576013 |
| 005 - ИДЕНТИФИКАТОР ВЕРСИИ |
| контрольное поле |
20260407011020.0 |
| 035 ## - ДРУГИЕ СИСТЕМНЫЕ НОМЕРА |
| Идентификатор записи |
(NLR Aleph) 004703921 |
| 100 ## - ДАННЫЕ ОБЩЕЙ ОБРАБОТКИ |
| Данные общей обработки |
20061002d1898 |||y0rusy50 ca |
| 101 0# - ЯЗЫК РЕСУРСА |
| Язык текста, звукозаписи и т.д. |
русский |
| 102 ## - СТРАНА ПУБЛИКАЦИИ ИЛИ ПРОИЗВОДСТВА |
| Страна публикации |
Российская Федерация |
| 105 ## - ПОЛЕ КОДИРОВАННЫХ ДАННЫХ: ТЕКСТОВЫЕ МАТЕРИАЛЫ, МОНОГРАФИЧЕСКИЕ |
| Кодированные данные о монографическом текстовом документе |
y z ||||| |
| 200 1# - ЗАГЛАВИЕ И СВЕДЕНИЯ ОБ ОТВЕТСТВЕННОСТИ |
| Основное заглавие |
Устав Общества вспомоществования бывшим воспитанникам 2-го Кадетского корпуса и 2-й петербургской военной гимназии |
| Сведения, относящиеся к заглавию |
С прил. Правил для членов Общества... |
| 210 ## - ПУБЛИКАЦИЯ, РАСПРОСТРАНЕНИЕ И ДР. |
| Место издания, распространения и т.д. |
Санкт-Петербург] |
| Дата издания, распространения и т.д. |
1898 |
| 215 ## - ФИЗИЧЕСКАЯ ХАРАКТЕРИСТИКА |
| Специфическое обозначение материала и объем |
32 с. |
| Размеры |
22 |
| 309 ## - ПРИМЕЧАНИЯ ОБ ОСНОВНОМ ИСТОЧНИКЕ ИНФОРМАЦИИ И ОБ ОСОБЕННОСТЯХ ПОЛИГРАФИЧЕСКОГО ОФОРМЛЕНИЯ ИЗДАНИЯ |
| Текст примечания |
Без тит. л. и обл. |
| 311 ## - ПРИМЕЧАНИЯ, ОТНОСЯЩИЕСЯ К ПОЛЯМ СВЯЗИ (ПРИМЕЧАНИЯ О СВЯЗИ С ДРУГИМИ ПРОИЗВЕДЕНИЯМИ (ИЗДАНИЯМИ)) |
| Текст примечания |
Изменения и дополнения, утвержденного министром внутренних дел 9 ноября 1897 г. Устава Общества вспомоществования бывшим воспитанникам 2-го Кадетского корпуса и 2-й С.-Петербургской военной гимназии: [Утв. 6 июня 1903 г.]. [Положения о фондах бывших воспитанников.-Спб.], ценз. 1903.-Без тит. л. и обл. (шифр: 18.269.4.239(2)) |
| 421 #0 - ПРИЛОЖЕНИЕ |
| Встроенное поле |
1010#$arus |
| -- |
2001#$aИзменения и дополнения, утвержденного министром внутренних дел 9 ноября 1897 г. Устава Общества вспомоществования бывшим воспитанникам 2-го Кадетского корпуса и 2-й С.-Петербургской военной гимназии$e[Утв. 6 июня 1903 г.]$a[Положения о фондах бывших воспитанников |
| -- |
210##$aСанкт-Петербург]$dценз. 1903 |
| -- |
215##$a[6] с. |
| -- |
300##$aБез тит. л. и обл. |
| -- |
899##$aNLR$j18.269.4.239(2) |
| -- |
899##$aБАН |
| Заглавие |
[Положения о фондах бывших воспитанников |
| 710 02 - НАИМЕНОВАНИЕ ОРГАНИЗАЦИИ - ПЕРВИЧНАЯ ОТВЕТСТВЕННОСТЬ |
| Начальный элемент ввода |
Кадетский корпус |
| Идентифицирующий признак |
2; Петербург |
| Структурное подразделение |
Общество вспомоществования бывшим воспитанникам |
| Идентификатор авторитетной/нормативной записи |
RU\NLR\AUTH\889998294 |
| Системный номер авторитетной/нормативной записи |
493933 |
| 712 02 - НАИМЕНОВАНИЕ ОРГАНИЗАЦИИ - ВТОРИЧНАЯ ОТВЕТСТВЕННОСТЬ |
| Начальный элемент ввода |
Петербургская военная гимназия |
| Идентифицирующий признак |
2 |
| Идентификатор авторитетной/нормативной записи |
RU\NLR\AUTH\889923428 |
| Системный номер авторитетной/нормативной записи |
342788 |
| 801 #0 - ИСТОЧНИК ЗАПИСИ |
| Страна |
Российская Федерация |
| Организация |
NLR |
| Правила каталогизации |
psbo |
| 801 #1 - ИСТОЧНИК ЗАПИСИ |
| Страна |
Российская Федерация |
| Организация |
ProSoft-M |
| Источник данных |
rusmarc |
| 852 ## - МЕСТОНАХОЖДЕНИЕ И ШИФР ХРАНЕНИЯ |
| Идентификатор организации |
NLR |
| Шифр хранения (Call Number) |
18.269.3.230 |
| 942 ## - ДОПОЛНИТЕЛЬНЫЕ ЭЛЕМЕНТЫ ЗАПИСИ (АБИС) |
| Тип экземпляра АБИС |
Книга |
| 980 ## - КОЛЛЕКЦИЯ |
| Название коллекции |
Национальная библиография |